000 00730cam a22002654a 4500
999 _c16316
_d16316
003 PK-NaQUE
005 20251124123927.0
008 250130b ||||| |||| 00| 0 eng d
020 _a9780124059351
022 _a978-0124059351
040 _cQUEST
082 0 0 _a627KUN
100 1 _aKundu, Pijush K.
245 1 0 _aFluid Mechanics /
250 _a6th ed.
260 _aWaltham, MA :
_bAcademic Press,
_c2015.
300 _axxvi, 891 p. :
_bill. ;
_e1 DVD (4 3/4 in.)
650 0 _aFluid mechanics.
650 0 _aFluides, Mécanique des.
650 0 _aMechanics
700 1 _aCohen, Ira M.
700 1 _aDowling, David R.
856 _uhttp://10.10.170.122:8080/browse/book/7880
_yDownload eBook
942 _cBK
_2ddc